El Paper polític de la Delegació del CSIC a Catalunya : 1941 - 1956 / Antoni Malet 1941 - 1956 / Antoni Malet
ISBN:
978-84-95417-87-9
Descripción Física:
56 p. ; 21 cm
Colección:
Textos d'història i cultura ; 6
MARC
| LEADER | 00000nam a2200000Ia 4500 | ||
|---|---|---|---|
| 001 | 22556 | ||
| 008 | 160829s2009 xx 000 0 cat d | ||
| 020 | |a 978-84-95417-87-9 | ||
| 080 | |a M-6-347 | ||
| 100 | |a Malet, Antoni |9 43911 | ||
| 245 | |a El Paper polític de la Delegació del CSIC a Catalunya : |b 1941 - 1956 / Antoni Malet | ||
| 260 | |a Barcelona : |b Fundació Carles Pi i Sunyer d'Estudis Autonòmics i Locals, |c 2009 | ||
| 300 | |a 56 p. ; |c 21 cm | ||
| 490 | |a Textos d'història i cultura ; 6 | ||
| 650 | |a Consejo Superior de Investigaciones Científicas (Espanya). Delegación de Barcelona |x Aspectes polítics |9 43912 | ||
| 650 | |a Catalunya |x Vida intel·lectual |x S. XX |x Aspectes polítics |9 43914 | ||
| 650 | |a Catalunya |x Vida intel·lectual |x S. XX |x Aspectes polítics |9 43914 | ||
| 710 | 1 | |a Fundació Carles Pi i Sunyer d'Estudis Autonòmics i Locals |9 52753 | |
| 901 | |a Arxiu | ||
| 942 | |n 1 | ||
| 952 | |0 0 |1 0 |4 0 |6 M6347 |7 1 |9 51674 |a Arxiu |b Arxiu |d 2016-12-01 |l 0 |o M-6-347 |p 22556 |r 2016-12-01 00:00:00 |w 2016-12-01 |y ARXIU | ||
| 999 | |c 55519 |d 55519 | ||